Zmeny zásad privatizácie št. poľnohospodárskych podnikov a zásady dlhodobého nájmu

Bibliographic Details
Main Author: Haraj, Vadim (Author)
Format: Article
Language:Slovak
Subjects:

MARC

LEADER 00000nab a2200000 a 4500
001 vtls000528619
003 SK-MaSNL
005 20260303005843.0
008 120928c1994 xo 0 slo
015 |a SNBRB19rr/mm-uuuuu 
035 |a CL0528757 
040 |a SNKBUCL  |b slo  |c SNKBUCL  |e AACR2 
041 0 |a slo 
044 |a xo  |c SK 
080 |a 631.115.71(437.6):338.246.025:347.453  |2 1981 
080 |a 338.246.025  |2 1981 
080 |a 347.453  |2 1981 
080 |a 332.28  |2 1981 
100 1 |a Haraj, Vadim  |4 aut  |9 359819 
245 1 0 |a Zmeny zásad privatizácie št. poľnohospodárskych podnikov a zásady dlhodobého nájmu  |c Vadim Haraj 
650 0 7 |a podniky poľnohospodárske štátne  |2 snkbucl  |9 974869 
650 0 7 |a privatizácia  |2 snkbucl  |9 2343 
650 0 7 |a nájom  |2 snkbucl  |9 1588 
655 7 |a články z novín a časopisov  |2 snkbucl  |9 267496 
773 0 |t Roľnícke noviny  |g Č. 211 (12. 9. 1994), s. 1 a 3 
850 |a Slovenská národná knižnica v Martine  |a MTA001 
852 |a SNK  |b KIS3GCP 
958 |a RK 
992 |a RBX 
999 |c 1584483  |d 1586413